000 00789nam0a22002531 4500
001 v19\rc\1955918
005 20250619210835.0
035 _a(NLR Aleph) 005040296
090 _a6786148
_c6786148
100 _a20080428d1913 |||y0rusy50 ca
101 0 _arus
102 _aRU
105 _aa z |||||
200 1 _aПалочка-выручалочка
_eЮмор. альм.
_f[Ред. Н. Травина]
210 _aМосква
_cтип. А.Д. Плещеева
_d[1913]
215 _a8 с.
_cил.
_d28
309 _aБез тит. л. и обл.
702 1 _aТравина
_bН.Н.
_gНадежда Николаевна
_4340
801 0 _aRU
_bNLR
_gpsbo
801 0 _aRU
_bRuMoRGB
_2psbo
801 1 _aRU
_bProSoft-M
_2rusmarc
852 _aNLR
_j37.54.3.177
942 _cBOOK
980 _aNB